1076 1040 1195 1286 1184 1975 1504 1735 1892 1883 1038 1765 1258 1435 1974 1934 1942 1548 1603 1200 1729 1631 1607 1546 1730 1513 1346 1806 1021 1294 1366 1045 1202 1445 1427 1592 1822 1389 1589 1927 1364 1086 1718 1315 1132 1734 1838 1807 1372 1846 1897 1956 1660 1146 1279 1567 1513 1354 1545 1969 1279 1176 1482 1157 1234 1654 1440 1850 1953 1349 1068 1876 1570 1811 1899 1794 1483 1294 1953 1819 1453 1317 1080 1994 1162 1265 1258 1812 1371 1944 1403 1447 1706 1851 1192 1845 1141 1539 1329 BCNSPRNW ULIB Ver.6.0+V

เปลี่ยนเป็นภาษาไทย

Change to English
 แสดงรายละเอียดบรรณานุกรม
  กลับหน้าหลัก

Brief Record : Get Marc (ISO 2709) : E-mail record : QR code < ปิดหน้าต่าง
LEADER : 00000nam 2200000uu 4500
001    13399120236
003     ULIB
008    120917s2549||||th 000 0 tha d
020    ^a9789749986646
060  4 ^aQT255^bศ445น
100 0  ^aศิริมงคล นาฏยกุล
245 10 ^aนาฏยศิลป์ :^bหลักกายวิภาคและการเคลื่อนไหว = Dancekinesiology /^cศิริมงคล นาฏยกุล
246 31 ^aDance kinesiology
250    ^aพิมพ์ครั้งที่ 1
260    ^aกรุงเทพฯ :^bโอเดียนสโตร์,^c2549
300    ^a122 หน้า :^bภาพประกอบ ;^c24 ซม.
650  7 ^aการรำ^zไทย
650  7 ^aนาฏศิลป์^zไทย
650  7 ^aการเคลื่อนไหว
650  7 ^aศิลปการแสดง^zไทย
945    ^p180^l0^i14386
995    ^aกัณชพร
999 ^a ใช้งานได้ทุกระบบ
รายการนี้ยังไม่มีแท็ก
คุณยังไม่ได้ล็อกอิน คุณสามารถมีกิจกรรมร่วมกับเว็บไซต์ได้ แต่ต้องล็อกอินก่อน ::
  ล็อกอิน

รายการสื่อสารสนเทศ

ลำดับที่ ประเภท เลขเรียก/บาร์โค้ด สถานที่ สถานะ
1. วิทยาศาสตร์การแพทย์ และสุขภาพ
วิทยาศาสตร์การแพทย์ และสุขภาพ
QT255 ศ445น  
  Barcode: 14386
ห้องสมุดวิทยาเขตสวรรค์ประชารักษ์
►หนังสือทั่วไป
บนชั้น

รายการใกล้เคียง
    ผู้แต่ง [ศิริมงคล นาฏยกุล]

    หัวเรื่อง [การเคลื่อนไหว]

BibComment


ยังไม่เคยถูกคอมเมนท์

คอมเมนท์ทรัพยากรรายการนี้
  คอมเมนท์: นาฏยศิลป์ หลักก..


 Copyright 2026. Bcnsprnw @Library